000 01020cab a22002415a 4500
001 L155429
008 120321e20121203xxk 000 0 eng d
035 _a(Sirsi) u155429
041 0 _aeng
100 1 _aSimmons, Mark
245 0 0 _aEG London
260 _aLondon
_bEstates Gazette
_c2012
490 _aEstates Gazette
_v(1209) 3 March 2012, 77-101 (19)
520 _aIncludes spotlight on banking where some believe that there are many unresolved legacies from the 2008-09 crash. Also features the fortunes of technology, media and telecommunications firms and whether insurance companies will take over from the banks in contributing to the property lending sector. Further describes how London's property market will cope during the several weeks of disruption caused by the Olympics.
651 4 _aLondon
690 _aCommercial property
_96227
700 1 _aThame, David
700 1 _aHamilton, Helen
700 1 _aMorrison, Adrian
700 1 _aHawkes, Alex
700 1 _aJones, Sandra
942 _n0
999 _c83860
_d83860